[Event "36 R.G.Nezhmetdinov Memorial"]
[Site ", "]
[Date "2014.06.07"]
[Round "8.12"]
[White "Kuderinov, Kirill"]
[Black "Shariyazdanov, Andrey"]
[Result "1/2-1/2"]
[WhiteElo "2442"]
[BlackElo "2568"]
[PlyCount "142"]
[EventDate "2014.??.??"]

1. e4 e5 2. Nf3 Nc6 3. Bb5 Nf6 4. d3 Bc5 5. O-O d6 6. Be3 Bb6 7. a4 O-O 8. Bxc6
bxc6 9. a5 Bxe3 10. fxe3 Rb8 11. b3 Ng4 12. Qe1 f5 13. exf5 Bxf5 14. h3 Nh6 15.
e4 Be6 16. Qe3 c5 17. Nc3 Nf7 18. Ne2 Qe7 19. Ng3 Nd8 20. Ng5 Nc6 21. Nxe6 Qxe6
22. Nf5 Nd4 23. Nxd4 cxd4 24. Qd2 h6 25. Rxf8+ Rxf8 26. b4 Qf6 27. b5 Kh7 28.
Rc1 Rf7 29. a6 g5 30. c4 dxc3 31. Qe3 Kg6 32. Rxc3 Qf1+ 33. Kh2 Qf4+ 34. Qxf4
exf4 35. Rc6 Kf6 36. b6 axb6 37. d4 Rf8 38. Rxc7 b5 39. Rh7 Ra8 40. Rxh6+ Ke7
41. Rh7+ Ke6 42. a7 b4 43. Rg7 b3 44. Rb7 b2 45. Rxb2 Rxa7 46. Rb5 Ra4 47. Rd5
Rc4 48. Kg1 Rc1+ 49. Kf2 Rc2+ 50. Kf3 Rc3+ 51. Kf2 Rc2+ 52. Kg1 Rc1+ 53. Kh2
Rc4 54. g4 fxg3+ 55. Kxg3 Rc3+ 56. Kf2 Rc2+ 57. Ke3 Rc3+ 58. Ke2 Rxh3 59. Rxg5
Ra3 60. Rf5 Rb3 61. Ra5 Rc3 62. Ra6 Ke7 63. Kd2 Rh3 64. Rc6 Kd7 65. Rc3 Rh2+
66. Kd3 Rh3+ 67. Kc4 d5+ 68. exd5 Rh8 69. Rg3 Rc8+ 70. Kd3 Kd6 71. Rg5 Rc1
1/2-1/2

[Event "36 R.G.Nezhmetdinov Memorial"]
[Site ", "]
[Date "2014.06.07"]
[Round "8.13"]
[White "Yagupov, Igor"]
[Black "Danin, Alexandre"]
[Result "0-1"]
[WhiteElo "2414"]
[BlackElo "2594"]
[PlyCount "68"]
[EventDate "2014.??.??"]

1. e4 e5 2. Nf3 Nc6 3. Bb5 Nf6 4. d3 Bc5 5. Bxc6 dxc6 6. O-O Nd7 7. Nbd2 O-O 8.
Nc4 Re8 9. Bd2 Bf8 10. b4 f6 11. a4 Nb6 12. Ne3 Be6 13. Qb1 a6 14. Qb2 Qd7 15.
Nh4 Nc8 16. g3 Nd6 17. Bc3 b6 18. Kh1 c5 19. bxc5 bxc5 20. f3 Rab8 21. Qc1 c4
22. Qd2 cxd3 23. cxd3 Red8 24. Nhg2 Nb7 25. Rab1 Nc5 26. Rxb8 Rxb8 27. Rd1 Qxa4
28. d4 exd4 29. Bxd4 Rd8 30. Nd5 Nb3 31. Qc2 Bxd5 32. Bg1 Bxe4 33. fxe4 Rxd1
34. Qxd1 Qxe4 0-1

[Event "36 R.G.Nezhmetdinov Memorial"]
[Site ", "]
[Date "2014.06.07"]
[Round "8.14"]
[White "Bocharov, Dmitry"]
[Black "Galliamova, Alisa"]
[Result "0-1"]
[WhiteElo "2598"]
[BlackElo "2466"]
[PlyCount "92"]
[EventDate "2014.??.??"]

1. c4 c6 2. Nf3 d5 3. e3 Nf6 4. Nc3 e6 5. b3 Nbd7 6. Bb2 Bd6 7. Qc2 O-O 8. Rg1
e5 9. cxd5 Nxd5 10. Ne4 Bc7 11. g4 Re8 12. g5 Qe7 13. a3 a5 14. h4 Nf8 15. h5
Bf5 16. Bd3 g6 17. O-O-O Bxe4 18. Bxe4 Bd6 19. hxg6 Nxg6 20. a4 b5 21. axb5 Nb4
22. Qc4 cxb5 23. Qxb5 Reb8 24. Qa4 Ra7 25. Kb1 Na6 26. Bxg6 fxg6 27. Qc4+ Kf8
28. d4 Rb4 29. Qc8+ Qe8 30. Qxe8+ Kxe8 31. dxe5 Bb8 32. Nd4 Rab7 33. Bc3 Rc4
34. Bb2 Rcb4 35. f4 Ba7 36. Rg3 a4 37. Rf3 Bxd4 38. exd4 Rxb3 39. Rxb3 Rxb3 40.
Kc1 Nb4 41. Ba1 a3 42. d5 a2 43. d6 Kd7 44. Bd4 Rb1+ 45. Kd2 Nd3 46. Kc2 Ne1+
0-1

[Event "36 R.G.Nezhmetdinov Memorial"]
[Site ", "]
[Date "2014.06.07"]
[Round "8.16"]
[White "Smirnov, Alexey"]
[Black "Pershin, Denis"]
[Result "1/2-1/2"]
[WhiteElo "2407"]
[BlackElo "2157"]
[PlyCount "131"]
[EventDate "2014.??.??"]

1. d4 Nf6 2. c4 e6 3. Nc3 Bb4 4. Qc2 c5 5. dxc5 Na6 6. a3 Bxc3+ 7. Qxc3 Nxc5 8.
b4 Na4 9. Qb3 b5 10. cxb5 Nb6 11. Nf3 Bb7 12. e3 Bd5 13. Qd1 Ne4 14. Bb2 O-O
15. Bd3 f5 16. O-O Ng5 17. Be2 Nc4 18. Bd4 f4 19. e4 Nxe4 20. Bxg7 Kxg7 21.
Bxc4 Bxc4 22. Qd4+ Qf6 23. Qxc4 d5 24. Qd4 Nc3 25. Rfe1 Nxb5 26. Qd3 Nd6 27.
Qa6 Ne4 28. Rac1 Rf7 29. Rc6 Re8 30. Qd3 Kh8 31. Rec1 Rg8 32. Rc8 Rfg7 33.
Rxg8+ Rxg8 34. Qd4 Rg7 35. Rc8+ Rg8 36. Qxf6+ Nxf6 37. Rc6 Re8 38. Ng5 Ne4 39.
Nxe4 dxe4 40. Kf1 e5 41. Rc4 Kg7 42. Rxe4 Kf6 43. Rc4 Re6 44. Ke2 Kf5 45. a4
Rh6 46. h3 Rg6 47. b5 Rxg2 48. Rc7 e4 49. Kf1 f3 50. Rxa7 Rh2 51. Rg7 Rh1+ 52.
Rg1 Rxh3 53. Ke1 e3 54. fxe3 Ke4 55. b6 Rh2 56. Rg7 Rh1+ 57. Kf2 Rh2+ 58. Kf1
Rh1+ 59. Kf2 Rh2+ 60. Kg1 f2+ 61. Kf1 Kf3 62. Rf7+ Kxe3 63. b7 Rh1+ 64. Kg2
Rg1+ 65. Kh2 Rb1 66. Kg2 1/2-1/2

[Event "36 R.G.Nezhmetdinov Memorial"]
[Site ", "]
[Date "2014.06.07"]
[Round "8.17"]
[White "Gaifullin, Artur"]
[Black "Toropov, Pavel"]
[Result "1-0"]
[WhiteElo "2130"]
[BlackElo "2305"]
[PlyCount "55"]
[EventDate "2014.??.??"]

1. d4 d5 2. c4 c6 3. Nf3 Nf6 4. e3 a6 5. Bd3 b5 6. b3 Bg4 7. Nbd2 e6 8. Qc2
Nbd7 9. Bb2 Bxf3 10. Nxf3 Bb4+ 11. Kf1 O-O 12. c5 h6 13. Rg1 Ne8 14. g4 g6 15.
e4 Ba5 16. e5 Kg7 17. Bc1 Bc7 18. Rg3 Rh8 19. Ng1 g5 20. f4 f6 21. Nf3 Qe7 22.
Kg2 Qf8 23. Bg6 gxf4 24. Bh5 Rh7 25. Bxf4 fxe5 26. Bxe5+ Nxe5 27. dxe5 Qe7 28.
Rf1 1-0

[Event "36 R.G.Nezhmetdinov Memorial"]
[Site ", "]
[Date "2014.06.07"]
[Round "8.18"]
[White "Mozharov, Mikhail"]
[Black "Ioffe, Dmitry"]
[Result "1-0"]
[WhiteElo "2552"]
[BlackElo "2077"]
[PlyCount "37"]
[EventDate "2014.??.??"]

1. d4 g6 2. c4 Bg7 3. e4 d6 4. Nc3 Nh6 5. h3 f5 6. Nf3 O-O 7. exf5 Nxf5 8. g4
Nh6 9. Be3 Nf7 10. Be2 Nd7 11. h4 c5 12. h5 cxd4 13. Nxd4 Nde5 14. hxg6 Nxg6
15. Qc2 Bxd4 16. Bxd4 Nfe5 17. O-O-O Nxg4 18. Bxg4 Bxg4 19. Rxh7 1-0

[Event "36 R.G.Nezhmetdinov Memorial"]
[Site ", "]
[Date "2014.06.07"]
[Round "8.19"]
[White "Murtazin, Bulat"]
[Black "Petrov, Nikita"]
[Result "0-1"]
[WhiteElo "2176"]
[BlackElo "2359"]
[PlyCount "80"]
[EventDate "2014.??.??"]

1. d4 Nf6 2. c4 g6 3. Nc3 Bg7 4. e4 O-O 5. Bg5 d6 6. Qd2 a6 7. h3 c5 8. d5 b5
9. Bd3 e6 10. Nf3 exd5 11. cxd5 Nbd7 12. O-O Re8 13. a4 b4 14. Nd1 Ne5 15. Nxe5
Rxe5 16. Bf4 Re8 17. Re1 Ra7 18. Bg5 Rae7 19. f3 Nxd5 20. Bxe7 Qxe7 21. Nf2 Nc7
22. Kh2 Qe5+ 23. f4 Qxb2 24. Qxb2 Bxb2 25. Rad1 Bc3 26. Rf1 Be6 27. f5 Bb3 28.
Rb1 Bxa4 29. fxg6 hxg6 30. Ng4 Bb5 31. Rbd1 Kg7 32. Rf2 Bxd3 33. Rxd3 Rxe4 34.
Rxd6 Rxg4 35. Rd7 Be5+ 36. g3 Bxg3+ 37. Kg2 Bxf2+ 38. hxg4 Bd4 39. Rxc7 b3 40.
Rb7 a5 0-1

[Event "36 R.G.Nezhmetdinov Memorial"]
[Site ", "]
[Date "2014.06.07"]
[Round "8.20"]
[White "Tokarev, Ilya"]
[Black "Fedorov, Alexei"]
[Result "1/2-1/2"]
[WhiteElo "2295"]
[BlackElo "2574"]
[PlyCount "89"]
[EventDate "2014.??.??"]

1. c4 g6 2. Nc3 Bg7 3. Nf3 c5 4. g3 Nc6 5. Bg2 b6 6. d4 cxd4 7. Nb5 a6 8. Nbxd4
Bb7 9. Be3 Nf6 10. O-O O-O 11. Rc1 d6 12. Qd2 Qb8 13. Rfd1 Rc8 14. Bh6 Nxd4 15.
Nxd4 Bxh6 16. Qxh6 Bxg2 17. Kxg2 Qb7+ 18. f3 Rc5 19. b4 Rc7 20. Rc2 Rac8 21.
Rdc1 b5 22. c5 dxc5 23. Rxc5 Rxc5 24. Rxc5 Rxc5 25. bxc5 Qd5 26. Nb3 Nd7 27.
Qe3 e6 28. Qc3 Qc4 29. Qxc4 bxc4 30. c6 Nb6 31. Nc5 c3 32. Kf2 c2 33. Nd3 Kf8
34. Ke1 Ke7 35. Kd2 Kd6 36. Kxc2 f6 37. c7 e5 38. Kb3 Kxc7 39. e4 Kd6 40. Kb4
f5 41. Nc5 h5 42. h4 Nd7 43. Nxd7 Kxd7 44. Kc5 Ke6 45. exf5+ 1/2-1/2

[Event "36 R.G.Nezhmetdinov Memorial"]
[Site ", "]
[Date "2014.06.07"]
[Round "8.21"]
[White "Fakhrutdinov, Timur"]
[Black "Ponfilenok, Vladimir"]
[Result "1/2-1/2"]
[WhiteElo "2161"]
[BlackElo "2399"]
[PlyCount "85"]
[EventDate "2014.??.??"]

1. e4 e6 2. d4 d5 3. Nc3 Bb4 4. exd5 exd5 5. Bd3 Nf6 6. Nge2 O-O 7. O-O c6 8.
Bg5 h6 9. Bh4 Re8 10. f3 Nbd7 11. Qd2 Nf8 12. Rae1 Bd7 13. a3 Be7 14. Bf2 Bd6
15. Nd1 Qc7 16. Bg3 Nh5 17. Bxd6 Qxd6 18. g4 Nf6 19. Qf4 Qxf4 20. Nxf4 g5 21.
Ne2 Re7 22. Ng3 Rxe1 23. Rxe1 Re8 24. Rxe8 Nxe8 25. Ne3 Nd6 26. Ngf5 Bxf5 27.
Nxf5 Nxf5 28. Bxf5 Ng6 29. Bc8 b6 30. b4 Ne7 31. Bd7 b5 32. Kf2 f6 33. Ke3 Kf7
34. Kd3 Kf8 35. Kc3 Kf7 36. Kd3 Kf8 37. Kc3 Kf7 38. Kb3 Kf8 39. a4 a6 40. a5
Kf7 41. Kc3 Kf8 42. Kd3 Kf7 43. Ke3 1/2-1/2

[Event "36 R.G.Nezhmetdinov Memorial"]
[Site ", "]
[Date "2014.06.07"]
[Round "8.22"]
[White "Yuferev, Oleg"]
[Black "Yandemirov, Valeri"]
[Result "0-1"]
[WhiteElo "2250"]
[BlackElo "2403"]
[PlyCount "88"]
[EventDate "2014.??.??"]

1. Nf3 Nf6 2. c4 g6 3. Nc3 d5 4. cxd5 Nxd5 5. Qa4+ Nc6 6. Ne5 Qd6 7. Nxc6 Qxc6
8. Qxc6+ bxc6 9. g3 Bg7 10. Bg2 Be6 11. b3 O-O-O 12. Bb2 Nxc3 13. Bxc3 Bxc3 14.
dxc3 Rd6 15. O-O Rhd8 16. Rfc1 c5 17. Be4 Rd2 18. Bd3 c4 19. bxc4 Bf5 20. Rd1
Rb2 21. Kf1 Bxd3 22. Rxd3 Rxd3 23. exd3 Rd2 24. Ke1 Rxd3 25. Rc1 e5 26. Ke2 e4
27. a4 f5 28. h4 a6 29. h5 g5 30. h6 Kd7 31. a5 Rd6 32. Rh1 Ke7 33. Rb1 Rxh6
34. Rb8 Rc6 35. Ra8 Kf7 36. Kd2 Kg7 37. c5 h5 38. Ke3 h4 39. gxh4 gxh4 40. Kf4
Rh6 41. Rc8 h3 42. Rxc7+ Kf8 43. c6 h2 44. Rd7 Ke8 0-1

[Event "36 R.G.Nezhmetdinov Memorial"]
[Site ", "]
[Date "2014.06.07"]
[Round "8.23"]
[White "Murzin, Lenar"]
[Black "Pasiev, Rakhim"]
[Result "1/2-1/2"]
[WhiteElo "2115"]
[BlackElo "2410"]
[PlyCount "139"]
[EventDate "2014.??.??"]

1. d4 d5 2. c4 Nc6 3. Nf3 Bg4 4. Nc3 e6 5. cxd5 exd5 6. Bf4 Bd6 7. Bg3 Nge7 8.
e3 Qd7 9. a3 O-O 10. Bd3 Bf5 11. Bxd6 Qxd6 12. O-O h6 13. h3 Bxd3 14. Qxd3 Ng6
15. Rac1 Rfc8 16. Rc2 Nce7 17. Rfc1 c6 18. Na4 Qd8 19. b4 a6 20. Nc5 Rc7 21. a4
Nc8 22. Ne6 fxe6 23. Qxg6 Re7 24. Qd3 Nb6 25. a5 Nd7 26. Ne5 Nxe5 27. dxe5 Rf7
28. Qg6 Qe7 29. Rb2 Raf8 30. Rd1 Rc8 31. Rd4 Rf5 32. f4 Qf7 33. Qxf7+ Rxf7 34.
Rc2 g5 35. g3 Kg7 36. Kf2 h5 37. Kf3 Kh6 38. Rdd2 Rcf8 39. h4 gxh4 40. gxh4 Rf5
41. Ke2 Rg8 42. Kd3 Rg4 43. Rh2 Rf7 44. Rcg2 Rfg7 45. Rxg4 hxg4 46. Ke2 d4 47.
exd4 Rd7 48. Ke3 Kh5 49. f5 g3 50. Rg2 Kg4 51. fxe6 Re7 52. Ke4 Rxe6 53. d5
cxd5+ 54. Kxd5 Re8 55. e6 Kf3 56. Rb2 g2 57. Rxg2 Kxg2 58. Kd6 Rd8+ 59. Kc7 Rd4
60. e7 Re4 61. Kd7 Rd4+ 62. Ke6 Re4+ 63. Kd7 Rd4+ 64. Kc7 Re4 65. Kxb7 Rxb4+
66. Kxa6 Re4 67. Kb6 Re6+ 68. Kb5 Rxe7 69. a6 Kg3 70. h5 1/2-1/2

[Event "36 R.G.Nezhmetdinov Memorial"]
[Site ", "]
[Date "2014.06.07"]
[Round "8.24"]
[White "Vastrukhin, Oleg"]
[Black "Yeletsky, Ivan"]
[Result "1-0"]
[WhiteElo "2401"]
[BlackElo "2200"]
[PlyCount "85"]
[EventDate "2014.??.??"]

1. g3 Nf6 2. Bg2 d5 3. Nf3 g6 4. O-O Bg7 5. c4 O-O 6. d3 Nc6 7. Nc3 d4 8. Na4
a5 9. a3 e5 10. Bg5 h6 11. Bxf6 Qxf6 12. Rb1 Qe7 13. Nd2 Bd7 14. c5 Nd8 15. Ra1
Bxa4 16. Qxa4 Qxc5 17. Rfc1 Qe7 18. b4 h5 19. Nb3 c6 20. bxa5 Ne6 21. Qb4 Qc7
22. Bd5 Bh6 23. Rc2 h4 24. Bxe6 fxe6 25. Nc5 Qf7 26. f3 Be3+ 27. Kg2 Ra7 28.
Ne4 hxg3 29. hxg3 Qc7 30. Rb1 Rb8 31. Rc5 Kf7 32. Qb6 Qxb6 33. Rxb6 Rd8 34.
Rxe5 Ke7 35. Nc5 Kd6 36. f4 Rxa5 37. Nxb7+ Kc7 38. Nxd8 Kxb6 39. Rxa5 Kxa5 40.
Nxe6 Ka4 41. Kf3 Kxa3 42. Ke4 Bf2 43. g4 1-0

[Event "36 R.G.Nezhmetdinov Memorial"]
[Site ", "]
[Date "2014.06.07"]
[Round "8.25"]
[White "Ofitserian, Boris"]
[Black "Samusenko, Maksim"]
[Result "1/2-1/2"]
[WhiteElo "2132"]
[BlackElo "2306"]
[PlyCount "80"]
[EventDate "2014.??.??"]

1. e4 d5 2. exd5 Qxd5 3. Nc3 Qd6 4. d4 c6 5. Nf3 Bg4 6. h3 Bxf3 7. Qxf3 Qxd4 8.
Be3 Qd8 9. Bc4 Nf6 10. g4 e6 11. g5 Nfd7 12. O-O-O Qa5 13. Qg2 Be7 14. f4 g6
15. Bd4 Rg8 16. Ne4 Na6 17. Bc3 Qc7 18. Qg4 O-O-O 19. Bxa6 bxa6 20. Rhf1 Nc5
21. Be5 Qa5 22. Nxc5 Qxc5 23. Qe2 Qb5 24. Qe3 Bc5 25. Qe4 Rxd1+ 26. Rxd1 Rd8
27. Rxd8+ Kxd8 28. Bf6+ Kc8 29. c4 Qb6 30. Bc3 a5 31. Qe5 Kb7 32. Kc2 a4 33.
Qf6 Qc7 34. Be5 Qd7 35. Qh8 Bd6 36. Qxh7 Bb4 37. Bc3 Bd6 38. Be5 Bb4 39. Bc3
Bd6 40. Be5 Bb4 1/2-1/2

[Event "36 R.G.Nezhmetdinov Memorial"]
[Site ", "]
[Date "2014.06.07"]
[Round "8.26"]
[White "Amerzianov, Timur"]
[Black "Merkushev, Dmitry"]
[Result "1-0"]
[WhiteElo "2301"]
[BlackElo "2105"]
[PlyCount "59"]
[EventDate "2014.??.??"]

1. e4 d5 2. exd5 Qxd5 3. Nc3 Qa5 4. d4 Nf6 5. Nf3 Bf5 6. Bc4 e6 7. Bd2 c6 8.
Nd5 Qd8 9. Nxf6+ Qxf6 10. Qe2 Bd6 11. O-O-O O-O 12. Ne5 b5 13. Bb3 Bxe5 14.
dxe5 Qe7 15. g4 Bg6 16. h4 a5 17. a3 h6 18. h5 Bh7 19. Rhg1 c5 20. g5 c4 21.
Ba2 c3 22. Bxc3 b4 23. Bd2 bxa3 24. g6 axb2+ 25. Kb1 Nc6 26. gxh7+ Kxh7 27.
Qe4+ Kh8 28. Qxc6 Rfc8 29. Qe4 a4 30. Rg3 1-0

[Event "36 R.G.Nezhmetdinov Memorial"]
[Site ", "]
[Date "2014.06.07"]
[Round "8.27"]
[White "Rjabzev, Konstantin"]
[Black "Amirkhanov, Roustem"]
[Result "1-0"]
[WhiteElo "2292"]
[BlackElo "2311"]
[PlyCount "37"]
[EventDate "2014.??.??"]

1. e4 e6 2. d4 d5 3. Nd2 c5 4. exd5 Qxd5 5. dxc5 Nf6 6. Ngf3 Qxc5 7. Bd3 Be7 8.
O-O O-O 9. a3 b6 10. Ne4 Qc7 11. Nfg5 h6 12. Nxf6+ gxf6 13. Nh7 Rd8 14. Qg4+
Kh8 15. Qh4 Qe5 16. Qxh6 Kg8 17. Ng5 fxg5 18. Bh7+ Kh8 19. Bg6+ 1-0

[Event "36 R.G.Nezhmetdinov Memorial"]
[Site ", "]
[Date "2014.06.07"]
[Round "8.28"]
[White "Denisov, Lev"]
[Black "Dilmukhametov, Artur"]
[Result "1/2-1/2"]
[WhiteElo "2302"]
[BlackElo "2164"]
[PlyCount "80"]
[EventDate "2014.??.??"]

1. e4 e6 2. d4 d5 3. e5 c5 4. c3 Qb6 5. Nf3 Nc6 6. a3 Nge7 7. b4 cxd4 8. cxd4
Nf5 9. Be3 Bd7 10. Bd3 Rc8 11. O-O Be7 12. Nbd2 f6 13. Nb3 Nxe3 14. fxe3 O-O
15. exf6 Rxf6 16. Qe2 Be8 17. Rac1 a6 18. Nc5 Rd8 19. g4 Bg6 20. g5 Bxd3 21.
Qxd3 Rff8 22. Rf2 Bxc5 23. Rxc5 Rd7 24. g6 Qd8 25. Qf1 hxg6 26. Qg2 Rdf7 27.
Rcc2 Rf5 28. h4 Qf6 29. Ng5 Rxf2 30. Rxf2 Qxf2+ 31. Qxf2 Rxf2 32. Kxf2 Nd8 33.
Kf3 Kf8 34. Kf4 Ke7 35. Nf3 Nf7 36. Ne5 Nxe5 37. dxe5 b5 38. Kg4 Kf8 39. Kf4
Ke7 40. Kg4 Kf8 1/2-1/2

[Event "36 R.G.Nezhmetdinov Memorial"]
[Site ", "]
[Date "2014.06.07"]
[Round "8.29"]
[White "Demidov, Mikhail"]
[Black "Igonin, Temur"]
[Result "1-0"]
[WhiteElo "2512"]
[BlackElo "2215"]
[PlyCount "103"]
[EventDate "2014.??.??"]

1. d4 d5 2. Nf3 Nf6 3. g3 Bf5 4. Bg2 e6 5. Nh4 Be4 6. f3 Bg6 7. Nxg6 hxg6 8.
Be3 Bd6 9. Bf2 Nbd7 10. e4 dxe4 11. fxe4 e5 12. c3 Qe7 13. Qe2 O-O 14. Nd2 exd4
15. cxd4 c5 16. Nc4 Bc7 17. e5 Rae8 18. dxc5 Nxc5 19. O-O b5 20. Nd2 a6 21.
Rac1 Bb6 22. Rfe1 Nfd7 23. Nf3 Rc8 24. Nd4 Rfe8 25. b4 Ne6 26. Nc6 Qf8 27. Bh3
Bxf2+ 28. Qxf2 Nb8 29. Nxb8 Rxb8 30. a3 Rbc8 31. Qb6 Rxc1 32. Rxc1 Ng5 33. Bd7
Rd8 34. Qxd8 Qxd8 35. Rc8 Qxc8 36. Bxc8 Nf3+ 37. Kf2 Nxe5 38. Bxa6 Nc4 39. a4
Nd6 40. Bxb5 Kf8 41. Bc6 Ke7 42. Ke3 Nf5+ 43. Kd3 Kd6 44. Be4 Ne7 45. Kc4 f5
46. Bh1 g5 47. a5 f4 48. b5 Kc7 49. b6+ Kb8 50. a6 Nc8 51. Kc5 g6 52. g4 1-0

[Event "36 R.G.Nezhmetdinov Memorial"]
[Site ", "]
[Date "2014.06.07"]
[Round "8.30"]
[White "Faizrakhmanov, Ramil"]
[Black "Ovchinnikov, Vsevolod"]
[Result "1-0"]
[WhiteElo "2364"]
[BlackElo "2135"]
[PlyCount "71"]
[EventDate "2014.??.??"]

1. d4 d5 2. c4 c6 3. Nc3 Nf6 4. e3 a6 5. Nf3 b5 6. c5 Nbd7 7. a3 g6 8. b4 a5 9.
Bb2 Qc7 10. Bd3 Bg7 11. O-O O-O 12. h3 Re8 13. Qd2 e5 14. dxe5 Nxe5 15. Nxe5
Rxe5 16. Ne2 Re8 17. Bd4 a4 18. Rae1 Nd7 19. Bxg7 Kxg7 20. Nd4 f5 21. f3 Ne5
22. e4 Nxd3 23. Qxd3 dxe4 24. fxe4 f4 25. e5 Rxe5 26. Qc3 Kg8 27. Nxb5 cxb5 28.
Qxe5 Qxe5 29. Rxe5 Bf5 30. Rxf4 Rd8 31. c6 Rc8 32. g4 Bd3 33. Rc5 Kg7 34. c7
Bc4 35. Rfxc4 bxc4 36. b5 1-0

[Event "36 R.G.Nezhmetdinov Memorial"]
[Site ", "]
[Date "2014.06.07"]
[Round "8.31"]
[White "Gorozhanin, Mikhail"]
[Black "Isajevsky, Anton"]
[Result "0-1"]
[WhiteElo "2299"]
[BlackElo "2416"]
[PlyCount "84"]
[EventDate "2014.??.??"]

1. Nf3 d5 2. c4 d4 3. b4 c5 4. e3 dxe3 5. fxe3 cxb4 6. d4 Nf6 7. Bd3 g6 8. Bb2
Bg7 9. O-O O-O 10. Qe2 Nbd7 11. h3 b6 12. Nbd2 Bb7 13. Rad1 Qc7 14. Qf2 Rae8
15. Bb1 Nh5 16. a3 b3 17. g4 Ng3 18. Qh2 Nc5 19. dxc5 Bxb2 20. Kf2 Bxf3 21.
Nxf3 Be5 22. Nxe5 Nxf1 23. cxb6 axb6 24. Rxf1 Ra8 25. Qf4 Rxa3 26. Kg1 Qd6 27.
Qd4 Rd8 28. g5 f6 29. gxf6 exf6 30. Qxd6 Rxd6 31. Nf3 b2 32. Kf2 Rc3 33. Ke2
Re6 34. e4 Rd6 35. h4 Kg7 36. h5 Rc1 37. e5 fxe5 38. Re1 gxh5 39. Nh4 Rd8 40.
Nf5+ Kf6 41. Ne3 h4 42. Nd5+ Kg5 0-1

[Event "36 R.G.Nezhmetdinov Memorial"]
[Site ", "]
[Date "2014.06.07"]
[Round "8.32"]
[White "Morgunov, Anatoly"]
[Black "Mamyrbay, Assad"]
[Result "1/2-1/2"]
[WhiteElo "2307"]
[BlackElo "2078"]
[PlyCount "83"]
[EventDate "2014.??.??"]

1. e4 e6 2. d4 d5 3. Nc3 Nf6 4. e5 Nfd7 5. f4 c5 6. Nf3 Nc6 7. Be3 Qb6 8. Na4
Qa5+ 9. c3 cxd4 10. b4 Qc7 11. Nxd4 a6 12. Nb3 Be7 13. Bd3 g6 14. O-O f6 15.
exf6 Nxf6 16. Bb6 Qb8 17. Qe2 e5 18. fxe5 Qxe5 19. Rae1 Qxe2 20. Rxe2 O-O 21.
Nd4 Bd6 22. Nxc6 bxc6 23. Bc5 Bxc5+ 24. Nxc5 Nd7 25. Rxf8+ Kxf8 26. Ne6+ Kg8
27. Nc7 Rb8 28. Re8+ Kf7 29. Re2 a5 30. bxa5 Nc5 31. Rf2+ Ke7 32. Bf1 Kd8 33.
Rf7 Rb7 34. a6 Rxc7 35. a7 Bb7 36. Rf8+ Kd7 37. g3 Na4 38. Ba6 Nb6 39. Bxb7
Rxb7 40. a8=Q Nxa8 41. Rxa8 Rb1+ 42. Kg2 1/2-1/2

[Event "36 R.G.Nezhmetdinov Memorial"]
[Site ", "]
[Date "2014.06.07"]
[Round "8.33"]
[White "Gerasimov, Ivan"]
[Black "Chernozemov, Andrew"]
[Result "1-0"]
[WhiteElo "2346"]
[BlackElo "2114"]
[PlyCount "51"]
[EventDate "2014.??.??"]

1. e4 Nc6 2. d4 d5 3. e5 Bf5 4. Ne2 e6 5. Nf4 h6 6. h4 Nb4 7. Nd3 Bxd3 8. Bxd3
Nxd3+ 9. Qxd3 Qd7 10. h5 c5 11. c3 Ne7 12. Be3 Nc6 13. O-O Be7 14. f4 cxd4 15.
cxd4 Nb4 16. Qe2 Rc8 17. Nc3 a6 18. a3 Nc6 19. Qg4 Bf8 20. f5 Na5 21. fxe6 Qxe6
22. Qf3 Rd8 23. Rac1 Nc4 24. Nxd5 Rxd5 25. Rxc4 Be7 26. Rc7 1-0

[Event "36 R.G.Nezhmetdinov Memorial"]
[Site ", "]
[Date "2014.06.07"]
[Round "8.34"]
[White "Lomasov, Semen"]
[Black "Askerov, Marat"]
[Result "1/2-1/2"]
[WhiteElo "2188"]
[BlackElo "2085"]
[PlyCount "110"]
[EventDate "2014.??.??"]

1. e4 e6 2. d4 d5 3. Nd2 c5 4. exd5 Qxd5 5. Ngf3 cxd4 6. Bc4 Qd6 7. O-O Nf6 8.
Nb3 Qc7 9. Qe2 a6 10. Nbxd4 Be7 11. Bg5 O-O 12. Rfe1 b5 13. Bb3 Nc6 14. Nxc6
Qxc6 15. Ne5 Qb6 16. Rad1 Bb7 17. Rd3 Rfe8 18. Bxf6 Bxf6 19. Nd7 Qc6 20. Nxf6+
gxf6 21. Rg3+ Kh8 22. Qh5 Rg8 23. f3 Qb6+ 24. Kf1 Rxg3 25. hxg3 Qc7 26. Qh6 Qe7
27. c3 Rg8 28. Bc2 Rg7 29. Qh4 Bd5 30. b3 Qc7 31. Qxf6 Qxg3 32. Qd8+ Rg8 33.
Qf6+ Rg7 34. Re2 Qh2 35. Ke1 Qg3+ 36. Kd2 a5 37. Qd8+ Rg8 38. Qf6+ Rg7 39. c4
bxc4 40. bxc4 Bc6 41. Qd8+ Rg8 42. Qd4+ e5 43. Rxe5 Qxg2+ 44. Kc3 Qg7 45. Rh5
Qxd4+ 46. Kxd4 Rg2 47. Bxh7 Kg7 48. Be4 Bxe4 49. fxe4 Rxa2 50. c5 a4 51. Rh3 a3
52. Ke5 Rc2 53. Rg3+ Kf8 54. Kd6 a2 55. Ra3 Rd2+ 1/2-1/2

[Event "36 R.G.Nezhmetdinov Memorial"]
[Site ", "]
[Date "2014.06.07"]
[Round "8.36"]
[White "Fedotov, Nikita"]
[Black "Mirzanurov, Bulat"]
[Result "0-1"]
[WhiteElo "2017"]
[BlackElo "2195"]
[PlyCount "61"]
[EventDate "2014.??.??"]

1. Nf3 Nf6 2. g3 d5 3. Bg2 e6 4. O-O Be7 5. d4 O-O 6. c4 c6 7. Nc3 Nbd7 8. Nd2
b5 9. cxb5 cxb5 10. Nxb5 Qb6 11. Qa4 Bb7 12. Nc3 Bc6 13. Qc2 Qxd4 14. Nb3 Qb6
15. Be3 Qa6 16. Rad1 Rfc8 17. Qb1 h6 18. h3 Bb4 19. Bd2 Bxc3 20. Bxc3 Bb5 21.
Nd4 Bc4 22. a3 Bxe2 23. Nxe2 Qxe2 24. Rfe1 Qb5 25. f4 Rab8 26. g4 Rxc3 27. bxc3
Qc5+ 28. Kh1 Rxb1 29. Rxb1 Qxc3 30. Ra1 Nc5 31. a4 0-1

[Event "36 R.G.Nezhmetdinov Memorial"]
[Site ", "]
[Date "2014.06.07"]
[Round "8.37"]
[White "Bakunin, Damir"]
[Black "Filipenko, Alexander V"]
[Result "0-1"]
[WhiteElo "1992"]
[BlackElo "2293"]
[PlyCount "184"]
[EventDate "2014.??.??"]

1. e4 c5 2. Nf3 e6 3. c3 d5 4. exd5 Qxd5 5. d4 Nf6 6. Bd3 Be7 7. O-O O-O 8. c4
Qd7 9. dxc5 Rd8 10. Bc2 Qxd1 11. Rxd1 Rxd1+ 12. Bxd1 Nc6 13. Nc3 Bxc5 14. Bf4
b6 15. Ba4 Bb7 16. Rd1 Rd8 17. Rxd8+ Nxd8 18. a3 Nc6 19. b4 Be7 20. Bxc6 Bxc6
21. Nd4 Bd7 22. Bb8 a5 23. bxa5 bxa5 24. a4 Bb4 25. Ncb5 Ne4 26. Nb3 Nc5 27.
Nxc5 Bxc5 28. Bc7 Bb4 29. Kf1 Kf8 30. f3 Ke7 31. Ke2 f6 32. f4 Bc6 33. g3 Kd7
34. Bb6 Be4 35. Nd4 e5 36. fxe5 fxe5 37. Nb3 Bc2 38. Bxa5 Be7 39. Nd2 Bxa4 40.
Bc3 Ke6 41. Nf3 Bf6 42. Bd2 Kf5 43. h3 h6 44. Ke3 Be7 45. Nh2 Ke6 46. Nf3 Bc5+
47. Ke2 e4 48. Ne1 Bb3 49. Be3 Bxc4+ 50. Kf2 Bd6 51. Ng2 g5 52. h4 gxh4 53.
Nxh4 Bf8 54. Bb6 Ba6 55. Ng2 Bc8 56. Ne3 Kd6 57. Bd4 Be6 58. Bb6 Kc6 59. Bd4
Kb5 60. Ba7 Bg7 61. Bb8 Kb4 62. Bc7 Kc3 63. Nd1+ Kd2 64. Ne3 Kd3 65. Bd6 Bf6
66. Bc7 Bg5 67. Bb6 Bh3 68. Bc5 h5 69. Bb6 h4 70. gxh4 Bxh4+ 71. Kg1 Ke2 72.
Kh2 Bf2 73. Kxh3 Bxe3 74. Bd8 Kf3 75. Be7 Bf2 76. Bg5 Bg3 77. Bd2 Bf4 78. Bb4
e3 79. Bc5 e2 80. Bb4 Bg3 81. Bc3 Bf2 82. Bd2 Bg3 83. Bb4 Kf2 84. Kg4 Be5 85.
Bc5+ Ke1 86. Kf3 Bc3 87. Bf2+ Kd1 88. Bh4 Be1 89. Be7 Bf2 90. Bb4 Bc5 91. Ba5
Be7 92. Bc3 Bg5 0-1

[Event "36 R.G.Nezhmetdinov Memorial"]
[Site ", "]
[Date "2014.06.07"]
[Round "8.38"]
[White "Korovin, Mikhail"]
[Black "Matskevich, Ivan"]
[Result "1-0"]
[WhiteElo "2197"]
[BlackElo "2009"]
[PlyCount "73"]
[EventDate "2014.??.??"]

1. b3 d5 2. Bb2 c5 3. Nf3 f6 4. d3 e5 5. Nbd2 Nc6 6. e4 d4 7. a4 a6 8. Nh4 Be6
9. g3 g6 10. Bg2 Qd7 11. Nc4 Qc7 12. O-O Rb8 13. a5 Bxc4 14. bxc4 Nxa5 15. f4
Nc6 16. Bc1 Bg7 17. Nf3 Nh6 18. fxe5 fxe5 19. Ng5 Qe7 20. Bh3 Nd8 21. c3 Nhf7
22. Nxf7 Nxf7 23. cxd4 exd4 24. Qa4+ Kf8 25. Qb3 Be5 26. Bh6+ Bg7 27. Bf4 Re8
28. Qb6 Kg8 29. Rab1 Nd8 30. Bd6 Qg5 31. Rf3 Bf8 32. Bd7 Nf7 33. Bxe8 Nxd6 34.
Qc7 Be7 35. Ba4 Kg7 36. h4 Qe5 37. Rxb7 1-0